000 00598nam a22002177a 4500
003 UA-OsUOA
001 68834
007 ta
008 20100520b un ||||| |||| 00| 0 ukr d
100 _aОмелянюк С.
090 _a32
_bО-57
942 _cSA
040 _aUA-OsUOA
_bukr
_cUA-OsUOA
_dUA-OsUOA
245 _aПолітико-правові акти, що визначили без'ядерний статус України
300 _aС.12-16
955 _a0
041 _aukr
080 _a32
773 0 _w68833
_tВіче
_dК.
_d2010
_g9
650 7 _a32 Політика
_2UDC
999 _c355088
_d355088